Statistiken für Das Lied der Deutschen Songtext

Klicken Sie hier um das Quiz zu spielen!

Allgemein

  • Dieses Quiz wurde 153 mal gespielt
  • Das Durchschnittsergebnis liegt bei 7 aus 8

Antwortstatistiken

Zeile #Textquiz% Korrekt
1Einigkeit und Recht und Freiheit
99%
5Einigkeit und Recht und Freiheit
99%
2Für das deutsche Vaterland!
98%
4Brüderlich mit Herz und Hand!
83%
3Danach lasst uns alle streben
80%
8Blühe, deutsches Vaterland!
75%
7Blüh’ im Glanze dieses Glückes,
71%
6Sind des Glückes Unterpfand;
68%

Verteilung der Resultate

Perzentil nach korrekt beantworteten Fragen

Anzahl Personen mit jedem Resultat

Ihre Resultats-Entwicklung

Sie haben dieses Quiz noch nicht gespielt